00668 2200217 4500001002100000005001500021007000300036008004100039020002200080035002000102082001100122084001700133100006300150245010400213250001100317260003500328300002700363990002000390990002000410990002000430INLIS00000000000725220251030115419ta251030 | | ind  a978-602-386-122-4 a0010-1025000172 a636.72 a636.72 TRI p1 aTriatmojo, Suharjono; Yuny Erwanto; Nanung Agus Fitriyanto1 aPenanganan Limbah Industri Peternakan /cTriatmojo, Suharjono; Yuny Erwanto; Nanung Agus Fitriyanto aCet. 2 aYogyakarta :bUGM Press,c2021 a192 hlm ;c23 cm.ebib a159/yoma/h/2025 a203/yoma/h/2025 a266/yoma/h/2025